PHP Programming / (Record no. 40810)

MARC details
000 -LEADER
fixed length control field 00810nam a22002297a 4500
005 - DATE AND TIME OF LATEST TRANSACTION
control field 20100810163835.0
010 ## - LCCN (DPL NO)
LC control number ENG-99419
020 ## - INTERNATIONAL STANDARD BOOK NUMBER
International Standard Book Number 9788190736053
Terms of availability 110.00
035 ## - SYSTEM CONTROL NUMBER
System control number EN-82951
037 ## - SOURCE OF ACQUISITION
Source of stock number/acquisition DBAD/PUB
082 ## - DEWEY DECIMAL CLASSIFICATION NUMBER
Classification number 005.2762
100 ## - MAIN ENTRY--PERSONAL NAME
Personal name Velmurugan, R.
245 ## - TITLE STATEMENT
Title PHP Programming /
Statement of responsibility, etc by R. Velmurugan
260 ## - PUBLICATION, DISTRIBUTION, ETC. (IMPRINT)
Place of publication, distribution, etc Chennai
Name of publisher, distributor, etc Avvai Pathippagam
Date of publication, distribution, etc 2007
270 ## - ADDRESS
Address No: 15, ko.su.mani Street Choolaimedu
City Chennai
Postal code 17
300 ## - PHYSICAL DESCRIPTION
Extent 155p.
Dimensions 21cm (pbk)
500 ## - GENERAL NOTE
General note Includes bibliographical references
650 ## - SUBJECT ADDED ENTRY--TOPICAL TERM
Topical term or geographic name as entry element Computer Programe Language
650 ## - SUBJECT ADDED ENTRY--TOPICAL TERM
Topical term or geographic name as entry element Website Design
942 ## - ADDED ENTRY ELEMENTS (KOHA)
Source of classification or shelving scheme Dewey Decimal Classification
Item type English Books
Classification part 005.2762
Call number suffix VEL
Holdings
Withdrawn status Lost status Not for loan Collection code Home library Current library Date acquired Source of acquisition Cost, normal purchase price Full call number Barcode Copy number Cost, replacement price Koha item type
    Not For Loan Non-fiction D.B.Act.Division D.B.Act.Division 10/08/2010 DBAD/PUB 110.00 005.2762 VEL EN-82951 1 110.00 English Books

© Delhi Public Library
Hit Counter
free hit counter